[Event "Regionalliga Nord-West 1819"]
[Site "Bayern"]
[Date "2019.04.07"]
[Round "9.8"]
[White "Antimenkov, Valery"]
[Black "Focsa Lutz, Andrei"]
[Result "1-0"]
[WhiteElo "877"]
[BlackElo "1034"]
[PlyCount "89"]
[EventDate "2018.10.21"]
[EventType "team-tourn"]
[EventRounds "9"]
[EventCountry "GER"]
[SourceTitle "EXT 2022"]
[Source "ChessBase"]
[SourceDate "2021.10.06"]
[SourceVersion "1"]
[SourceVersionDate "2021.10.06"]
[SourceQuality "1"]
[WhiteTeam "Wuerzburg II"]
[BlackTeam "Seubelsdorf"]
[WhiteTeamCountry "GER"]
[BlackTeamCountry "GER"]

1. e4 e6 2. d4 d5 3. e5 c5 4. Nf3 Nc6 5. Be3 cxd4 6. Bxd4 Nxd4 7. Qxd4 Qc7 8. Bb5+ Bd7 9. Bxd7+ Qxd7 10. Nc3 a6 11. 0-0 Qc7 12. a3 Bc5 13. Qd3 a5 14. Nb5 Qb6 15. a4 Nh6 16. Nfd4 f6 17. Rfe1 Ng4 18. Nd6+ Bxd6 19. exd6 Qxd6 20. Rxe6+ Kd7 21. Rxd6+ Kxd6 22. Qc3 Ne5 23. Nf5+ Ke6 24. Nxg7+ Kd6 25. Qa3+ Kd7 26. Nf5 Kc8 27. Qc3+ Kd7 28. Rd1 Ke6 29. Ng7+ Kd6 30. Qd2 Kc7 31. Ne6+ Kd7 32. Qxd5+ Ke7 33. Qd6+ Kf7 34. Nf4 Rhd8 35. Qe6+ Kg7 36. Qe7+ Nf7 37. Rxd8 Rxd8 38. Ne6+ Kg6 39. Nxd8 Nxd8 40. Qxd8 h5 41. Qd3+ f5 42. Qd6+ Kg5 43. f4+ Kh4 44. Qh6 Kg4 45. Qg5# 1-0